D3 USAU Ultimate Frisbee National Champions - Statistics

General Stats
  • This quiz has been taken 8 times
    3 since last reset
  • The average score is 29 of 32
Answer Stats
Year Answer % Correct
2013 Bowdoin
100%
2012 Carleton - CHOP
100%
2010 Carleton - CHOP
100%
2017 Carleton - Eclipse
100%
2016 Carleton - Eclipse
100%
2011 Carleton - Eclipse
100%
2012 Claremont
100%
2011 Claremont
100%
2023 Colorado College
100%
2015 Franciscan
100%
2016 Georgia College
100%
2025 Lewis & Clark
100%
2026 Middlebury
100%
2023 Middlebury
100%
2022 Middlebury
100%
2021 Middlebury
100%
2026 Middlebury
100%
2019 Middlebury
100%
2013 Middlebury
100%
2019 Oberlin
100%
2022 Oklahoma Christian
100%
2021 Oklahoma Christian
100%
2017 Richmond
100%
2018 St. Olaf
100%
2024 St. Olaf
100%
2025 Wesleyan
100%
2024 Portland
67%
2015 Rice
67%
2014 Rice
67%
2014 Bentley
33%
2018 Bryant
33%
2010 Pacific Lutheran
0%
No matching quizzes found
Score Distribution
Percent of People with Each Score
Percentile by Number Answered
Your Score History
You have not taken this quiz since the last reset